| 000 | 00978cam a2200241 i 4500 | ||
|---|---|---|---|
| 999 |
_c58236 _d58236 |
||
| 001 | 18033911 | ||
| 005 | 20210927131352.0 | ||
| 008 | 140207s2014 gw a b 001 0 eng d | ||
| 020 | _a9783642399602 | ||
| 041 | _aeng | ||
| 042 | _alccopycat | ||
| 080 | _a37+808.025 W-37 | ||
| 100 | 1 |
_aWeber-Wulff, Debora _912565 |
|
| 245 | 1 | 0 |
_aFalse feathers : _ba perspective on academic plagiarism / _cDebora Weber-Wulff. |
| 264 | 1 |
_aBerlin : _bSpringer, _c2014. |
|
| 300 |
_a200 pages : _billustrations ; _c25 cm. |
||
| 653 | _aპლაგიატი | ||
| 856 | 4 | 2 |
_3Contributor biographical information _uhttp://www.loc.gov/catdir/enhancements/fy1410/2014932836-b.html |
| 856 | 4 | 2 |
_3Publisher description _uhttp://www.loc.gov/catdir/enhancements/fy1410/2014932836-d.html |
| 856 | 4 | 1 |
_3Table of contents only _uhttp://www.loc.gov/catdir/enhancements/fy1410/2014932836-t.html |
| 942 |
_2udc _cBK |
||
| 955 |
_apc17 2014-02-07 _brl09 2014-05-01 z-processor _ixk04 2014-07-24 to Dewey |
||